Genesis and growth of nehruism/ (Record no. 194101)

MARC details
000 -LEADER
fixed length control field 00526nam a22001817a 4500
005 - DATE AND TIME OF LATEST TRANSACTION
control field 20221207144756.0
010 ## - LCCN (DPL NO)
LC control number ENG-135767
020 ## - INTERNATIONAL STANDARD BOOK NUMBER
International Standard Book Number 978-81-85990-11-8
Terms of availability 295.00
035 ## - SYSTEM CONTROL NUMBER
System control number EN-119299
037 ## - SOURCE OF ACQUISITION
Source of stock number/acquisition DBAD/PUB
082 ## - DEWEY DECIMAL CLASSIFICATION NUMBER
Classification number 954.042
100 ## - MAIN ENTRY--PERSONAL NAME
Personal name Goel, Sita Ram
245 ## - TITLE STATEMENT
Title Genesis and growth of nehruism/
Statement of responsibility, etc Sita Ram Goel
260 ## - PUBLICATION, DISTRIBUTION, ETC. (IMPRINT)
Place of publication, distribution, etc New Delhi
Name of publisher, distributor, etc Voice of India
Date of publication, distribution, etc 2018
270 ## - ADDRESS
Address 2/18, Ansari Road
City New Delhi
Postal code 110002
300 ## - PHYSICAL DESCRIPTION
Extent 231 p.
Dimensions 22cm(pbk)
Other physical details Index
942 ## - ADDED ENTRY ELEMENTS (KOHA)
Source of classification or shelving scheme Dewey Decimal Classification
Item type English Books
Call number suffix GOE
Classification part 954.042
Holdings
Withdrawn status Lost status Not for loan Home library Current library Date acquired Source of acquisition Cost, normal purchase price Full call number Barcode Copy number Cost, replacement price Koha item type
      Diz Area Diz Area 07/12/2022 DBAD/PUB 295.00 954.042 GOE EN-119299 1 295.00 English Books

© Delhi Public Library
Hit Counter
free hit counter